[Event "Gibraltar Masters 2015"]
[Site "Caleta ENG"]
[Date "2015.01.28"]
[Round "2.36"]
[White "Codenotti, Marco"]
[Black "Felgaer, Ruben"]
[Result "1/2-1/2"]
[WhiteTitle "IM"]
[BlackTitle "GM"]
[WhiteElo "2374"]
[BlackElo "2575"]
[WhiteFideId "800015"]
[BlackFideId "107069"]
[EventDate "2015.01.27"]

1. e4 c5 2. Nf3 Nc6 3. d4 cxd4 4. Nxd4 Nf6 5. Nc3 e5 6. Ndb5 d6 7. Bg5 a6 8. Na3
b5 9. Bxf6 gxf6 10. Nd5 f5 11. Bd3 Be6 12. O-O Bxd5 13. exd5 Ne7 14. Nxb5 Bg7
15. Nc3 e4 16. Bc4 Ng6 17. Qh5 Bxc3 18. bxc3 Qf6 19. f4 O-O 20. Bb3 Rac8 21. Qg5
Kg7 22. c4 Qxg5 23. fxg5 f4 24. h4 h5 25. g3 fxg3 26. Kg2 Nxh4+ 27. Kxg3 Nf3 28.
Rh1 Kg6 29. Kf4 Rfe8 30. Ba4 Re5 31. Bc6 Nd4 32. Rad1 Nxc6 33. dxc6 Rf5+ 34.
Kxe4 Rxc6 35. Rd4 Rxg5 36. Rhd1 Re5+ 37. Kf4 Re6 38. R1d2 Kf6 39. c5 Rxc5 40.
Rxd6 Rf5+ 41. Kg3 Ra5 42. Rd7 Kg6 43. c4 f6 44. R7d5 Ra4 45. c5 Re3+ 46. Kh2
Ree4 47. Rg2+ Rg4 48. c6 Rxg2+ 49. Kxg2 Rxa2+ 50. Kf3 Rc2 51. Rd6 Kg5 52. c7
Rc3+ 53. Kg2 Rxc7 54. Rxa6 Rc4 55. Ra8 Kf4 56. Rh8 Rc5 57. Rh6 Kg5 58. Rh8 Kg4
59. Rg8+ Rg5 60. Ra8 f5 61. Ra4+ f4 62. Ra8 h4 63. Rh8 Rg7 64. Rh6 Rg5 65. Rh8
Rc5 66. Rg8+ Kf5 67. Kf3 Rc3+ 68. Kf2 Rc2+ 69. Kf3 Rc3+ 70. Kf2 Rc6 71. Rf8+ Kg5
72. Rg8+ Rg6 73. Rh8 Kg4 74. Kg2 Rb6 75. Rg8+ Kf5 76. Kf3 h3 77. Rh8 Rb3+ 78.
Kf2 h2 79. Rxh2 Rb2+ 80. Kf3 Rb3+ 81. Kf2 Ke4 82. Rh8 Rb2+ 83. Kg1 Ke3 84. Re8+
Kf3 85. Rf8 Rg2+ 86. Kf1 Rd2 87. Kg1 Rd1+ 88. Kh2 Rf1 89. Ra8 Re1 90. Rf8 Re4
91. Kg1 Rd4 92. Rf7 Rd1+ 93. Kh2 Ke3 94. Kg2 Rd2+ 95. Kg1 Kf3 96. Rf8 Rg2+ 97.
Kf1 Rg7 98. Ra8 Re7 99. Rf8 Ke3 100. Ra8 Kf3 101. Rf8 Ra7 102. Kg1 Ra1+ 103. Kh2
Rf1 104. Ra8 Re1 105. Rf8 Re4 106. Kg1 Rd4 107. Rf7 Rd1+ 108. Kh2 Ke3 109. Kg2 1/2-1/2

[Event "Gibraltar Masters 2015"]
[Site "Caleta ENG"]
[Date "2015.01.28"]
[Round "2.37"]
[White "Hansen, Eric"]
[Black "Houska, Jovanka"]
[Result "0-1"]
[WhiteTitle "GM"]
[BlackTitle "IM"]
[WhiteElo "2574"]
[BlackElo "2388"]
[WhiteFideId "2606771"]
[BlackFideId "405094"]
[EventDate "2015.01.27"]

1. e4 c6 2. d4 d5 3. e5 c5 4. dxc5 e6 5. a3 Nc6 6. Nf3 Bxc5 7. b4 Bb6 8. Bb2
Nge7 9. Bd3 Ng6 10. O-O O-O 11. Re1 f6 12. exf6 gxf6 13. c4 Nf4 14. Bf1 dxc4 15.
Qxd8 Nxd8 16. Bxc4 Bd7 17. Nbd2 Rc8 18. Re4 Ng6 19. Rae1 Kg7 20. h4 h5 21. g4
hxg4 22. Rxg4 e5 23. Rg3 Kh6 24. Bc1 Nf4 25. Bf1 Nde6 26. Nc4 Bc7 27. Ne3 Kh7
28. Rd1 Ba4 29. Re1 e4 30. Nd2 Nd3 31. Bxd3 exd3 32. Rg4 Nf4 33. Nf5 Ne2+ 34.
Kf1 Be5 35. f4 Ba1 36. h5 Rc7 37. Rg6 Be8 38. Rh6+ Kg8 39. Kf2 Rxc1 40. Rxc1
Nxc1 41. Ne7+ Kf7 42. Rh7+ Ke6 43. f5+ Ke5 44. h6 Bd4+ 45. Ke1 Bc3 46. Kd1 Nb3
47. Nc4+ Kd4 48. Ng6 Kxc4 49. Rc7+ Kd4 50. h7 Ba4 0-1

[Event "Gibraltar Masters 2015"]
[Site "Caleta ENG"]
[Date "2015.01.28"]
[Round "2.38"]
[White "Bellon Lopez, Juan Manuel"]
[Black "Sandipan, Chanda"]
[Result "1-0"]
[WhiteTitle "GM"]
[BlackTitle "GM"]
[WhiteElo "2370"]
[BlackElo "2574"]
[WhiteFideId "2200031"]
[BlackFideId "5004225"]
[EventDate "2015.01.27"]

1. d4 d5 2. Nf3 Nf6 3. c4 e6 4. Nc3 Be7 5. Bg5 h6 6. Bh4 O-O 7. e3 b6 8. Qc2 Bb7
9. Bxf6 Bxf6 10. cxd5 exd5 11. O-O-O Nc6 12. a3 a5 13. g4 Nb4 14. Qd2 c5 15. h4
Qc8 16. g5 cxd4 17. Nxd4 Bxd4 18. exd4 Na2+ 19. Kb1 Nxc3+ 20. Qxc3 Qxc3 21. bxc3
hxg5 22. hxg5 g6 23. Kc2 Rae8 24. Kd2 Kg7 25. Bd3 Re6 26. f4 Rh8 27. f5 gxf5 28.
Rxh8 Kxh8 29. Bxf5 Rd6 30. Rh1+ Kg8 31. Rh6 Rc6 32. Bd3 Kg7 33. Rh7+ Kg8 34. g6
Rf6 35. gxf7+ Rxf7 36. Rh6 Rf2+ 37. Ke1 Rf3 38. Rxb6 Rxd3 39. Rxb7 Rh3 40. Ra7
a4 41. Kd2 Rh5 42. Kd3 Rh3+ 43. Kd2 Rh2+ 44. Ke3 Rh3+ 45. Kf4 Rxc3 46. Rxa4 Kf7
47. Ke5 Ke7 48. Kxd5 Kd7 49. Ra7+ Kc8 50. Kd6 Kb8 51. Ra5 Kb7 52. Rb5+ Ka6 53.
Rb1 Rxa3 54. d5 1-0

[Event "Gibraltar Masters 2015"]
[Site "Caleta ENG"]
[Date "2015.01.28"]
[Round "2.39"]
[White "Stefansson, Hannes"]
[Black "Zude, Arno"]
[Result "1-0"]
[WhiteTitle "GM"]
[BlackTitle "IM"]
[WhiteElo "2573"]
[BlackElo "2377"]
[WhiteFideId "2300087"]
[BlackFideId "4600754"]
[EventDate "2015.01.27"]

1. e4 e5 2. Nf3 Nc6 3. Bb5 a6 4. Ba4 d6 5. c3 Bd7 6. d4 Nf6 7. O-O g6 8. Re1 b5
9. Bc2 Bg7 10. Nbd2 O-O 11. h3 Re8 12. Nf1 Qc8 13. Ng3 h6 14. Be3 exd4 15. cxd4
Nb4 16. Bb1 c5 17. Qd2 Kh7 18. Rc1 Nc6 19. dxc5 dxc5 20. Rxc5 Bf8 21. Rc1 Qb7
22. Bc5 Bxc5 23. Rxc5 Qb6 24. Qc3 Na5 25. Bd3 Be6 26. Nd4 Bc4 27. b4 Nd7 28.
Bxc4 Nxc4 29. Rc6 Qb7 30. Ngf5 Nde5 31. Qc1 Kg8 32. Qxh6 gxf5 33. Nxf5 f6 34.
Rxf6 Re7 35. Nxe7+ Qxe7 36. f4 1-0

[Event "Gibraltar Masters 2015"]
[Site "Caleta ENG"]
[Date "2015.01.28"]
[Round "2.40"]
[White "Mikhalevski, Victor"]
[Black "Ladron De Guevara Pinto, Paolo"]
[Result "1-0"]
[WhiteTitle "GM"]
[BlackTitle "FM"]
[WhiteElo "2571"]
[BlackElo "2367"]
[WhiteFideId "2801914"]
[BlackFideId "2290847"]
[EventDate "2015.01.27"]

1. Nf3 Nf6 2. e3 g6 3. d4 Bg7 4. c4 O-O 5. Be2 d6 6. Nc3 Nbd7 7. O-O c5 8. d5 a6
9. a4 Ne8 10. e4 e5 11. dxe6 fxe6 12. Bg5 Qc7 13. Qd2 Nb8 14. e5 dxe5 15. Bd8
Qd7 16. Qxd7 Bxd7 17. Be7 Rf7 18. Bxc5 e4 19. Ng5 Rf5 20. Be3 h6 21. Ngxe4 Rf7
22. Rfd1 Bf8 23. Rd2 1-0

[Event "Gibraltar Masters 2015"]
[Site "Caleta ENG"]
[Date "2015.01.28"]
[Round "2.41"]
[White "Paehtz, Thomas"]
[Black "Sengupta, Deep"]
[Result "1/2-1/2"]
[WhiteTitle "GM"]
[BlackTitle "GM"]
[WhiteElo "2365"]
[BlackElo "2569"]
[WhiteFideId "4611349"]
[BlackFideId "5008352"]
[EventDate "2015.01.27"]

1. e4 c6 2. Nf3 d5 3. Nc3 Bg4 4. h3 Bxf3 5. Qxf3 e6 6. d4 Nf6 7. Bd3 dxe4 8.
Nxe4 Nxe4 9. Qxe4 Nd7 10. c3 Nf6 11. Qe2 Bd6 12. O-O O-O 13. Bg5 Be7 14. Bf4 Qb6
15. Rad1 Rfd8 16. Bb1 c5 17. Be5 Nd7 18. Bg3 Nf6 19. Be5 Nd7 20. Bg3 Nf6 21. Be5
Nd7 1/2-1/2

[Event "Gibraltar Masters 2015"]
[Site "Caleta ENG"]
[Date "2015.01.28"]
[Round "2.42"]
[White "Bogner, Sebastian"]
[Black "Khademalsharieh, Sarasadat"]
[Result "1/2-1/2"]
[WhiteTitle "GM"]
[BlackTitle "WGM"]
[WhiteElo "2565"]
[BlackElo "2372"]
[WhiteFideId "4692055"]
[BlackFideId "12512214"]
[EventDate "2015.01.27"]

1. e4 e5 2. Nf3 Nc6 3. Bc4 Bc5 4. c3 Nf6 5. d3 a6 6. Nbd2 Ba7 7. Bb3 O-O 8. O-O
d6 9. Re1 Ng4 10. Re2 Kh8 11. h3 Nh6 12. d4 exd4 13. cxd4 Bxd4 14. Nc4 Bf6 15.
Bxh6 gxh6 16. e5 dxe5 17. Ncxe5 Bxe5 18. Nxe5 Nxe5 19. Rxe5 Qf6 20. Qd4 Qg7 21.
Kh2 Bd7 22. Rd1 Bc6 23. Re7 Rae8 24. Rxc7 Re2 25. Qxg7+ Kxg7 26. Kg3 Rxb2 27.
Rd4 h5 28. Rf4 Rd2 29. Rfxf7+ Rxf7 30. Bxf7 h4+ 31. Kxh4 Rxf2 32. Be6+ Kf8 33.
g4 Be4 34. Kg5 h6+ 35. Kh5 Rf6 36. Bc8 Bd5 37. a4 b5 38. a5 b4 39. g5 Bf7+ 40.
Kg4 hxg5 41. Kxg5 Rg6+ 42. Kf4 b3 43. Bf5 Rd6 44. Ke5 Rd5+ 45. Kf6 Rd6+ 1/2-1/2

[Event "Gibraltar Masters 2015"]
[Site "Caleta ENG"]
[Date "2015.01.28"]
[Round "2.43"]
[White "Christiansen, Johan-Sebastian"]
[Black "Oparin, Grigoriy"]
[Result "0-1"]
[WhiteTitle "FM"]
[BlackTitle "GM"]
[WhiteElo "2354"]
[BlackElo "2551"]
[WhiteFideId "1512668"]
[BlackFideId "24125890"]
[EventDate "2015.01.27"]

1. c4 e6 2. g3 d5 3. Bg2 dxc4 4. Qa4+ c6 5. Qxc4 b5 6. Qb3 Bb7 7. Nf3 Nd7 8. d4
a6 9. Ne5 Ne7 10. O-O Nf5 11. Rd1 Nxe5 12. dxe5 Qb6 13. Qd3 Be7 14. Qd7+ Kf8 15.
Qd2 h5 16. a4 g6 17. axb5 cxb5 18. Qa5 Qxa5 19. Rxa5 Bxg2 20. Kxg2 Kg7 21. Nc3
Rhd8 22. Rxd8 Bxd8 23. Ra2 b4 24. Ne4 a5 25. Bd2 Rc8 26. b3 Nd4 27. Nd6 Rc2 28.
Rxc2 Nxc2 29. Kf3 Nd4+ 30. Ke4 Nxb3 31. Kd3 Nxd2 32. Kxd2 a4 33. Kc2 g5 34. f4
Bb6 35. Nc4 Bg1 36. h3 g4 37. hxg4 hxg4 38. Nd2 Bf2 39. Ne4 Bd4 40. Nd2 b3+ 41.
Kd3 Bf2 42. Kc3 Be1 0-1

[Event "Gibraltar Masters 2015"]
[Site "Caleta ENG"]
[Date "2015.01.28"]
[Round "2.44"]
[White "Chirila, Ioan-Cristian"]
[Black "Lejlic, Samir"]
[Result "1-0"]
[WhiteTitle "GM"]
[BlackTitle "IM"]
[WhiteElo "2548"]
[BlackElo "2354"]
[WhiteFideId "1211668"]
[BlackFideId "1703790"]
[EventDate "2015.01.27"]

1. d4 g6 2. e4 Bg7 3. Nc3 d6 4. f4 c6 5. Nf3 b5 6. Bd3 Bg4 7. e5 b4 8. Ne4 Nh6
9. Be3 f6 10. h3 Bxf3 11. Qxf3 fxe5 12. fxe5 Rf8 13. Qe2 Nf5 14. exd6 exd6 15.
Bg5 Ne7 16. O-O-O Kd7 17. Rhe1 Rf7 18. Nxd6 1-0

[Event "Gibraltar Masters 2015"]
[Site "Caleta ENG"]
[Date "2015.01.28"]
[Round "2.47"]
[White "Soumya, Swaminathan"]
[Black "Troff, Kayden W"]
[Result "1-0"]
[WhiteTitle "WGM"]
[BlackTitle "GM"]
[WhiteElo "2346"]
[BlackElo "2541"]
[WhiteFideId "5016193"]
[BlackFideId "2047896"]
[EventDate "2015.01.27"]

1. e4 c5 2. Nf3 d6 3. d4 cxd4 4. Nxd4 Nf6 5. Nc3 a6 6. Bg5 Nbd7 7. Qe2 h6 8. Bh4
g6 9. f4 e5 10. Nf3 Qa5 11. O-O-O g5 12. fxg5 hxg5 13. Bxg5 b5 14. Kb1 Bb7 15.
Nd5 Nxd5 16. exd5 b4 17. Qe4 f6 18. Qg6+ Ke7 19. Nxe5 Nxe5 20. Bxf6+ Kd7 21.
Qf5+ Kc7 22. Bxh8 Bxd5 23. b3 Bc6 24. Be2 Bxg2 25. Rhg1 Bc6 26. Rg8 Be7 27. Rxa8
Bxa8 28. Bg4 Nc6 29. Rd5 Qa3 30. Bb2 1-0

[Event "Gibraltar Masters 2015"]
[Site "Caleta ENG"]
[Date "2015.01.28"]
[Round "2.48"]
[White "Bellin, Robert"]
[Black "Spraggett, Kevin"]
[Result "1/2-1/2"]
[WhiteTitle "IM"]
[BlackTitle "GM"]
[WhiteElo "2338"]
[BlackElo "2538"]
[WhiteFideId "400343"]
[BlackFideId "2600013"]
[EventDate "2015.01.27"]

1. d4 Nf6 2. Nf3 e6 3. e3 b6 4. Bd3 Bb7 5. O-O c5 6. c4 d6 7. d5 g6 8. Nc3 Bg7
9. Ng5 exd5 10. cxd5 O-O 11. f4 Nbd7 12. Qf3 Qc7 13. Nb5 Qb8 14. e4 a6 15. Nc3
b5 16. a3 h6 17. Nh3 Re8 18. Nf2 Qd8 19. Bd2 Rc8 20. Rae1 Qb6 21. Kh1 Re7 22.
Qd1 Rce8 23. b3 Ba8 24. Qb1 Rc8 25. a4 c4 26. bxc4 bxc4 27. Qxb6 Nxb6 28. Bc2
Nbd7 29. Rb1 Ree8 30. Rb4 Rf8 1/2-1/2

[Event "Gibraltar Masters 2015"]
[Site "Caleta ENG"]
[Date "2015.01.28"]
[Round "2.49"]
[White "Lalith, Babu M.R."]
[Black "Bartel, Marta"]
[Result "1-0"]
[WhiteTitle "GM"]
[BlackTitle "WGM"]
[WhiteElo "2537"]
[BlackElo "2347"]
[WhiteFideId "5024595"]
[BlackFideId "1123009"]
[EventDate "2015.01.27"]

1. d4 f5 2. Bg5 g6 3. Nc3 Bg7 4. h4 h6 5. Bf4 Nf6 6. e3 d6 7. Qf3 Nh5 8. O-O-O
c6 9. Bc4 Qa5 10. Bh2 d5 11. Bd3 O-O 12. Nge2 Na6 13. Nf4 Nxf4 14. Bxf4 Nb4 15.
Qg3 Kh7 16. Kb1 c5 17. Bc7 b6 18. Be5 Be6 19. Be2 Rac8 20. Bh5 Bf7 21. Bxg7 Kxg7
22. a3 f4 23. exf4 Kh7 24. Bg4 Nc6 25. Bxc8 Rxc8 26. dxc5 d4 27. Ne4 bxc5 28.
Ng5+ Kg7 29. Nxf7 Kxf7 30. h5 1-0

[Event "Gibraltar Masters 2015"]
[Site "Caleta ENG"]
[Date "2015.01.28"]
[Round "2.51"]
[White "Rasmussen, Allan Stig"]
[Black "Dragnev, Valentin"]
[Result "1-0"]
[WhiteTitle "GM"]
[BlackTitle "FM"]
[WhiteElo "2526"]
[BlackElo "2344"]
[WhiteFideId "1406000"]
[BlackFideId "1634852"]
[EventDate "2015.01.27"]

1. d4 Nf6 2. c4 e6 3. Nf3 d5 4. g3 dxc4 5. Bg2 c6 6. O-O b5 7. Ne5 Bb7 8. a4 a6
9. Nc3 Nd5 10. e4 Nxc3 11. bxc3 Nd7 12. f4 Bd6 13. Ng4 O-O 14. e5 Be7 15. f5
exf5 16. Rxf5 Nb6 17. Nh6+ gxh6 18. Bxh6 Kh8 19. Be4 Qe8 20. Bg7+ Kxg7 21. Qh5
h6 22. Qg4+ Bg5 23. Rxg5+ 1-0

[Event "Gibraltar Masters 2015"]
[Site "Caleta ENG"]
[Date "2015.01.28"]
[Round "2.52"]
[White "Guerrero Vargas, Andres"]
[Black "Xu, Jun"]
[Result "1-0"]
[WhiteTitle "FM"]
[BlackTitle "GM"]
[WhiteElo "2320"]
[BlackElo "2523"]
[WhiteFideId "3902048"]
[BlackFideId "8600031"]
[EventDate "2015.01.27"]

1. d4 Nf6 2. c4 e6 3. Nc3 Bb4 4. Qc2 c5 5. dxc5 Bxc5 6. Bf4 Nh5 7. Bd2 b6 8. Nf3
Bb7 9. Bg5 Be7 10. Bxe7 Qxe7 11. O-O-O O-O 12. g4 Nf4 13. Qd2 e5 14. Qd6 Qxd6
15. Rxd6 f6 16. Rg1 Bxf3 17. exf3 Nc6 18. Nd5 Nxd5 19. cxd5 Nd4 20. Rxd7 Rac8+
21. Kd1 Rc2 22. Bd3 Rxb2 23. d6 Nxf3 24. Bc4+ Kh8 25. Rg3 e4 26. Rxf3 exf3 27.
Rc7 b5 28. Bb3 Re2 29. d7 Re7 30. Kc1 Rd8 31. Be6 Rxe6 32. Rc8 Re1+ 33. Kb2 Re2+
34. Kb3 1-0

[Event "Gibraltar Masters 2015"]
[Site "Caleta ENG"]
[Date "2015.01.28"]
[Round "2.53"]
[White "Popilski, Gil"]
[Black "Vuilleumier, Alexandre"]
[Result "1/2-1/2"]
[WhiteTitle "GM"]
[BlackTitle "IM"]
[WhiteElo "2522"]
[BlackElo "2336"]
[WhiteFideId "2809060"]
[BlackFideId "1305662"]
[EventDate "2015.01.27"]

1. e4 c5 2. Nf3 d6 3. d4 cxd4 4. Nxd4 Nf6 5. f3 Nc6 6. c4 Nxd4 7. Qxd4 g6 8. Be3
Bg7 9. Qd2 O-O 10. Be2 Be6 11. O-O Qc7 12. Na3 a6 13. Rac1 Ne8 14. b3 f5 15.
exf5 gxf5 16. Nc2 Bd7 17. Rfd1 Bb2 18. Rb1 Bf6 19. c5 f4 20. Bf2 Bf5 21. Qxf4
Be5 22. Qc4+ e6 23. Bd3 Bxh2+ 24. Kh1 d5 25. Qh4 Bf4 26. Bxf5 Rxf5 27. Ne3 Rf7
28. Ng4 h5 29. Bd4 e5 30. Bxe5 Bxe5 31. Nh6+ Kf8 32. Rxd5 Nf6 33. Nxf7 Kxf7 34.
Rdd1 Qxc5 35. f4 Qb4 36. Rf1 Rg8 37. a3 Qe4 38. Qh3 Bc3 39. Rbc1 Qe2 40. Rf3 Ba5
41. Re3 Qg4 42. Qxg4 Nxg4 43. Re2 Nf6 44. Kh2 Rg4 45. g3 h4 46. gxh4 Nh5 47. Kh3
Rg3+ 48. Kh2 Rg4 49. Kh3 Rg3+ 50. Kh2 1/2-1/2

[Event "Gibraltar Masters 2015"]
[Site "Caleta ENG"]
[Date "2015.01.28"]
[Round "2.54"]
[White "Watson, John L"]
[Black "Blomqvist, Erik"]
[Result "0-1"]
[WhiteTitle "IM"]
[BlackTitle "GM"]
[WhiteElo "2319"]
[BlackElo "2520"]
[WhiteFideId "2000768"]
[BlackFideId "1709437"]
[EventDate "2015.01.27"]

1. d4 d5 2. Bf4 Nf6 3. e3 e6 4. Nd2 Bd6 5. Bg3 O-O 6. Bd3 c5 7. c3 Nc6 8. Ngf3
Qe7 9. Ne5 c4 10. Bc2 Nd7 11. Nxd7 Bxd7 12. e4 f5 13. Bxd6 Qxd6 14. e5 Qe7 15.
O-O b5 16. a3 a5 17. f4 Be8 18. b4 Qb7 19. Kh1 Ra7 20. Qe1 Bg6 21. Qh4 Rfa8 22.
Rac1 axb4 23. axb4 Ra2 24. Nf3 R8a3 25. Ng5 Qe7 26. Bb1 Rb2 27. g4 h6 28. Nf3
Rxb1 29. Rxb1 fxg4 30. Qxg4 Bf5 31. Qh5 Rxc3 32. Ra1 Be4 33. Kg1 Rxf3 34. Rxf3
Nxd4 35. Re3 Kh7 36. Ra8 Bg6 37. Qd1 Nf5 38. Rea3 Qxb4 39. Qc1 Nd4 40. Kf2 Nb3
41. Qe1 Qc5+ 42. Kg3 b4 43. R3a7 c3 0-1

[Event "Gibraltar Masters 2015"]
[Site "Caleta ENG"]
[Date "2015.01.28"]
[Round "2.57"]
[White "Tarjan, James E"]
[Black "Salomon, Johan"]
[Result "1/2-1/2"]
[WhiteTitle "GM"]
[BlackTitle "FM"]
[WhiteElo "2518"]
[BlackElo "2319"]
[WhiteFideId "2000180"]
[BlackFideId "1509500"]
[EventDate "2015.01.27"]

1. c4 c5 2. Nf3 Nc6 3. Nc3 g6 4. g3 Bg7 5. Bg2 d6 6. O-O e6 7. e3 Nge7 8. d4 O-O
9. b3 d5 10. Ba3 cxd4 11. Nxd4 Nxd4 12. exd4 dxc4 13. bxc4 Re8 14. Ne4 Nf5 15.
d5 Qa5 16. Nd6 Nxd6 17. Bxd6 exd5 18. cxd5 Bf5 19. Bf4 Be4 20. Qb3 Bxg2 21. Kxg2
Bxa1 22. Rxa1 Rad8 23. Rd1 Re1 24. Bc7 Qxc7 25. Rxe1 Qd6 26. Rd1 b6 27. Kg1 Kg7
28. Qc3+ Kg8 29. Qc4 Qc5 30. Qxc5 bxc5 31. d6 c4 32. Rc1 1/2-1/2

[Event "Gibraltar Masters 2015"]
[Site "Caleta ENG"]
[Date "2015.01.28"]
[Round "2.58"]
[White "Plotkin, Victor"]
[Black "Boruchovsky, Avital"]
[Result "1/2-1/2"]
[WhiteTitle "FM"]
[BlackTitle "GM"]
[WhiteElo "2306"]
[BlackElo "2517"]
[WhiteFideId "2606674"]
[BlackFideId "2800055"]
[EventDate "2015.01.27"]

1. e4 c5 2. c3 d5 3. exd5 Qxd5 4. d4 g6 5. Nf3 Bg7 6. Be3 cxd4 7. cxd4 Nf6 8.
Nc3 Qd8 9. Bc4 O-O 10. O-O a6 11. Bb3 Nc6 12. Ne5 Na5 13. Bc2 Be6 14. Qe2 Rc8
15. Rac1 Nd5 16. Nxd5 Qxd5 17. b3 Bxe5 18. dxe5 Qxe5 19. f4 Qb2 20. Bd3 Qxe2 21.
Bxe2 Bd5 22. Rfd1 Rxc1 23. Rxc1 Nc6 24. g4 f5 25. h3 e6 26. Kh2 Rc8 27. Kg3 Kf7
28. a3 Ne7 29. Rxc8 Nxc8 30. b4 Nd6 31. Bd3 Bc4 32. Bc5 Bxd3 33. Bxd6 Bc2 34.
Kf2 Ba4 35. g5 Ke8 36. Ke3 Kd7 37. Bf8 Kc6 38. Kd4 Bb3 39. Bg7 Kb5 40. Kc3 Bd5
41. h4 Ka4 42. Kb2 Bf3 43. Bf6 Bg4 44. Bg7 b6 45. Be5 Bh3 46. Bf6 a5 47. bxa5
bxa5 48. Bg7 Kb5 49. Kc3 Kc5 50. Kd3 Bf1+ 51. Ke3 Kc4 52. Bf8 Bg2 53. Be7 Kc3
54. Bd8 a4 55. Be7 Bb7 56. Bf8 Kc4 57. Be7 Kd5 58. Bf6 Ba6 59. Bg7 1/2-1/2

[Event "Gibraltar Masters 2015"]
[Site "Caleta ENG"]
[Date "2015.01.28"]
[Round "2.59"]
[White "Al-Sayed, Mohammed"]
[Black "Santos Ruiz, Miguel"]
[Result "1-0"]
[WhiteTitle "GM"]
[BlackTitle "FM"]
[WhiteElo "2516"]
[BlackElo "2310"]
[WhiteFideId "12100196"]
[BlackFideId "22291482"]
[EventDate "2015.01.27"]

1. Nf3 Nf6 2. c4 b6 3. g3 e6 4. Bg2 Bb7 5. d4 Be7 6. Nc3 O-O 7. O-O Na6 8. Ne5
Bxg2 9. Kxg2 c6 10. e4 b5 11. c5 Nb8 12. Qe2 d6 13. cxd6 Qxd6 14. Rd1 Qc7 15.
Bf4 Qb7 16. Rac1 Rc8 17. d5 exd5 18. exd5 b4 19. Ne4 Nxd5 20. Qg4 Na6 21. Bh6 g6
22. Qf3 f5 23. Ng5 Nc5 24. Nxc6 Qxc6 25. Rxd5 b3 26. Rcxc5 1-0

[Event "Gibraltar Masters 2015"]
[Site "Caleta ENG"]
[Date "2015.01.28"]
[Round "2.61"]
[White "Donchenko, Alexander"]
[Black "Galmandakh, Badrakh"]
[Result "1-0"]
[WhiteTitle "IM"]
[WhiteElo "2511"]
[BlackElo "2240"]
[WhiteFideId "24603295"]
[BlackFideId "4902130"]
[EventDate "2015.01.27"]

1. d4 d6 2. Nf3 Bg4 3. e4 Nf6 4. Nc3 e6 5. h3 Bh5 6. Qe2 d5 7. Qb5+ Nbd7 8. exd5
Bxf3 9. gxf3 exd5 10. Nxd5 Bd6 11. Qe2+ Kf8 12. Nc3 Bb4 13. Bd2 Bxc3 14. bxc3 c5
15. Bg2 Qc7 16. O-O h6 17. Rab1 g6 18. f4 Rb8 19. f5 b6 20. fxg6 fxg6 21. Qf3 g5
22. Qf5 Rg8 23. Rbe1 Re8 24. Rxe8+ Kxe8 25. Re1+ Kd8 26. Re6 Rf8 27. d5 Qb8 28.
c4 Nh5 29. Qh7 Nf4 30. Qe7+ Kc8 31. Rc6+ Kb7 32. Qxd7+ Ka6 33. Rc7 1-0

[Event "Gibraltar Masters 2015"]
[Site "Caleta ENG"]
[Date "2015.01.28"]
[Round "2.62"]
[White "Georgiadis, Nico"]
[Black "Janev, Pavel"]
[Result "1-0"]
[WhiteTitle "IM"]
[WhiteElo "2490"]
[BlackElo "2196"]
[WhiteFideId "1300113"]
[BlackFideId "2910756"]
[EventDate "2015.01.27"]

1. e4 c5 2. Nf3 e6 3. d4 cxd4 4. Nxd4 a6 5. Bd3 g6 6. O-O Bg7 7. c3 Ne7 8. Na3
Nbc6 9. Be3 Nxd4 10. Bxd4 Bxd4 11. cxd4 d5 12. e5 Nc6 13. Nc2 Bd7 14. Qg4 f5 15.
exf6 Qxf6 16. Rad1 O-O 17. Qg3 Nxd4 18. Nxd4 Qxd4 19. Bxg6 Qg7 20. Bd3 Qxg3 21.
hxg3 e5 22. Be4 dxe4 23. Rxd7 Rf7 24. Rxf7 Kxf7 25. Rc1 Rd8 26. Kf1 Rd2 27. Rc7+
Ke6 28. Rxb7 e3 29. fxe3 Kf5 30. Rb4 h5 31. a4 a5 32. Rb5 Ke4 33. b4 axb4 34.
Rxb4+ Kxe3 35. Rb3+ Kd4 36. Ra3 Rd1+ 37. Ke2 Rg1 38. a5 Rxg2+ 39. Kf1 Rc2 40. a6
Rc8 41. a7 Ra8 42. Ke2 Ke4 43. Ra4+ Kf5 44. Ke3 e4 45. Ra3 1-0

[Event "Gibraltar Masters 2015"]
[Site "Caleta ENG"]
[Date "2015.01.28"]
[Round "2.63"]
[White "Osuna Vega, Enrique"]
[Black "Bok, Benjamin"]
[Result "0-1"]
[WhiteTitle "CM"]
[BlackTitle "GM"]
[WhiteElo "2108"]
[BlackElo "2572"]
[WhiteFideId "2219549"]
[BlackFideId "1017063"]
[EventDate "2015.01.27"]

1. Nf3 g6 2. e4 d6 3. d4 Nf6 4. Nc3 Bg7 5. Be3 O-O 6. Qd2 c6 7. Bh6 b5 8. Bd3
Bg4 9. Bxg7 Kxg7 10. Qf4 Bxf3 11. Qxf3 e5 12. dxe5 dxe5 13. a4 b4 14. Ne2 Nbd7
15. Rd1 a5 16. b3 Qe7 17. Ng3 Rfd8 18. O-O Nc5 19. Qe3 Ng4 20. Qf3 Qg5 21. Bc4
Qf4 22. c3 bxc3 23. Rxd8 Rxd8 24. Qxc3 Nxe4 25. Qxa5 Nxg3 26. fxg3 Qe3+ 27. Kh1
Nf2+ 28. Rxf2 Qxf2 29. Qxe5+ Kg8 30. h4 Rd1+ 31. Kh2 h5 32. Qe8+ Kg7 0-1

[Event "Gibraltar Masters 2015"]
[Site "Caleta ENG"]
[Date "2015.01.28"]
[Round "2.64"]
[White "Almagro Llamas, Pablo"]
[Black "Jameson, David"]
[Result "1-0"]
[WhiteTitle "IM"]
[WhiteElo "2469"]
[BlackElo "2068"]
[WhiteFideId "2221799"]
[BlackFideId "1801538"]
[EventDate "2015.01.27"]

1. d4 Nf6 2. Nf3 g6 3. c4 c5 4. d5 b5 5. Qc2 d6 6. e4 Bg7 7. cxb5 O-O 8. Nc3
Nbd7 9. a4 a6 10. b6 a5 11. Bb5 Qxb6 12. O-O Ba6 13. Ra3 Bxb5 14. Nxb5 Nb8 15.
Nd2 Na6 16. Nc4 Qd8 17. Rh3 Nc7 18. Bd2 Nxb5 19. axb5 e6 20. dxe6 fxe6 21. e5
dxe5 22. Ra3 Qb8 23. b6 Nd5 24. Bxa5 Qb7 25. Bd2 Qc6 26. Qe4 Qb5 27. Qg4 Kh8 28.
Rh3 Nf4 29. Bxf4 Rxf4 30. Qxg6 h6 31. Nxe5 Rxf2 32. Rxh6+ Kg8 33. Qxe6+ 1-0